El control de convencionalidad: Un balance comparado a 10 años de Almonacid Arellano vs. Chile

Saved in:
Bibliografiske detaljer
Hovedforfatter: Henríquez Viñas, Miriam Lorena (coordinadora)
Andre forfattere: Morales Antoniazzi, Mariela (coordinadora), Bogdandy, Armin von (prólogo)
Format: Bog
Sprog:spansk
Udgivet: Santiago, Chile. Ediciones DER; Universidad Alberto Hurtado-Facultad de Derecho, 2017
Udgivelse:Primera edición
Fag:
Tags: Tilføj Tag
Ingen Tags, Vær først til at tagge denne postø!

MARC

LEADER 00000cam a2200000 a 4500
001 UCC1230
003 CL-VaPUC
005 20211012133008.0
008 171013e20170000cl |||||||||||||||||spa|d
999 |c 369792  |d 369790 
020 |a 9789569959035 
040 |c Pontificia Universidad Católica de Valparaíso 
082 0 4 |a 341.48 HEN 2017  |2 21 
100 1 |a Henríquez Viñas, Miriam Lorena  |9 737728  |e coordinadora 
245 1 3 |a El control de convencionalidad:   |b Un balance comparado a 10 años de Almonacid Arellano vs. Chile 
250 |a Primera edición 
260 |a Santiago, Chile.   |b Ediciones DER;  |b Universidad Alberto Hurtado-Facultad de Derecho,   |c 2017 
300 |a 606 p 
583 |a last modification  |c 20171013 12:11:00  |k Rodrigo Vera 
650 0 |a Derecho constitucional   |9 222588 
650 0 |a Jurisprudencia  |9 255952 
700 0 |a Morales Antoniazzi, Mariela  |e coordinadora  |9 595275 
700 0 |a Bogdandy, Armin von   |e prólogo  |9 863441 
942 |c BK  |2 ddc 
945 |d 20171013 12:11:00  |a dcastane 
952 |0 0  |1 0  |2 ddc  |3 erb  |4 0  |6 341_480000000000000_HEN_2017  |7 0  |8 A  |9 485919  |a BIBDER  |b BIBDER  |i 5429285  |l 3  |m 1  |o 341.48 HEN 2017  |p 5429285  |q 2025-04-30  |r 2025-04-15  |s 2025-04-15  |w 2019-11-24  |y BK  |z Catalogado en:20171013  |k DER